• 首页
  • 本馆介绍
  • 公告通知
  • 最新文献
  • 馆藏检索
  • 电子资源
  • 读者导购
  • 参考咨询
  • 我的图书馆
  • 登录
  • 详细信息显示
  • 放入我的书架
  • 预约/预借图书
  • 作者相关作品
  • 分类相关作品
  • 丛书相关作品
  • 出版社相关作品

书目信息

  • 表格格式
  • 工作单格式
  • 卡片格式
题名:
塑胶面层运动场地建设与保养指南
    
 
作者: 孙大元 著
分册:  
出版信息: 北京   人民体育出版社  2004
页数: 221页
开本: 20cm
丛书名:
单 册:
中图分类: G818.1
科图分类:
主题词: 运动场--建设与保养
电子资源:
ISBN: 7-5009-2560-3
000 00741nam0 2200217 45
001 002669389
005 20050411091456.8
010    @a7-5009-2560-3@dCNY15.00
100    @a20040624d2004 em y0chiy0110 ea
101 0  @achi
102    @aCN@b110000
105    @aca z 000yy
200 1  @a塑胶面层运动场地建设与保养指南@Asu jiao mian ceng yun dong chang di jian she yu bao yang zhi nan@f孙大元著@FSun Da Yuan Zhu
210    @a北京@c人民体育出版社@d2004
215    @a221页@c肖像,图@d20cm
330    @a本书从塑胶面层运动场地的施工、检测等基本知识入手,从建设规范、器材、使用保养几方面进行指导。
606 0  @a运动场@x建设与保养
690    @aG818.1@v4
701  0 @a孙大元@4著
801  0 @aCN@bNLC@c20040720
905    @f5@b348092-096@dG818.1@e10
    
    塑胶面层运动场地建设与保养指南/孙大元著.-北京:人民体育出版社,2004
    221页:肖像,图;20cm
    
    
    ISBN 7-5009-2560-3:CNY15.00
    本书从塑胶面层运动场地的施工、检测等基本知识入手,从建设规范、器材、使用保养几方面进行指导。
●
相关链接 在E读中查询图书 在五车中查询图书 在当当中查询图书 在豆瓣中查询图书


正题名:塑胶面层运动场地建设与保养指南     索取号:G818.1/10         预约/预借

序号 登录号 条形码 馆藏地/架位号 状态 备注
1 0348092   203480928   第四借阅区/ [索取号:G818.1/10] 在馆    
2 0348093   203480937   第四借阅区/ [索取号:G818.1/10] 在馆    
3 0348094   203480946   第四借阅区/ [索取号:G818.1/10] 在馆    
4 0348095   203480955   第四借阅区/ [索取号:G818.1/10] 在馆    
5 0348096   203480964   第四借阅区/ [索取号:G818.1/10] 在馆    
唐山师范学院图书馆 欢迎您!
大连网信软件有限公司© 版权所有